| 000 | 00507nam a22001937a 4500 | ||
|---|---|---|---|
| 999 |
_c5529 _d5529 |
||
| 003 | GBCCL | ||
| 005 | 20241126110544.0 | ||
| 008 | 180326b ||||| |||| 00| 0 eng d | ||
| 020 | _a0862013690 | ||
| 040 | _cgbc | ||
| 082 |
_a220.7 _bBIB |
||
| 100 |
_aAllen, Leslie _99973 |
||
| 245 |
_aHosea - Malachi / _cLeslie Allen |
||
| 260 |
_bScripture Union, _aLondon: _c1987 |
||
| 300 |
_a126 p.; _c21 cm. |
||
| 440 |
_aBible Study Commentary _97334 |
||
| 650 |
_aBible _vHosea _xMalachi _99974 |
||
| 942 |
_2ddc _cBK _04 |
||